KOHA-Header-6

Sarkaari Idaron Ki Islah (Record no. 9284)

000 -LEADER
fixed length control field 00263nam a2200109Ia 4500
100 ## - MAIN ENTRY--AUTHOR NAME
Personal name Dr.Abdul Wahab
245 #0 - TITLE STATEMENT
Title Sarkaari Idaron Ki Islah
260 ## - PUBLICATION, DISTRIBUTION, ETC. (IMPRINT)
Place of publication Karachi
Name of publisher Royal Book
Year of publication 2001
300 ## - PHYSICAL DESCRIPTION
Number of Pages 632
942 ## - ADDED ENTRY ELEMENTS (KOHA)
Koha item type Books
Holdings
Withdrawn status Lost status Collection code Permanent Location Current Location Shelving location Date acquired Full call number Accession Number Koha item type
    Urdu Literature MAJU MAJU   2019-09-14 910.4 4848 Urdu Literature

Powered by Koha